000
00300nam a22001217a 4500
020
_a
9788170354185
082
_a
664.02
_b
KHE/FO
100
_a
Khetarpaul, Neelam
245
_a
Food processing and preservation
260
_a
New Delhi
_b
Daya Publishing House
_c
2012
300
_a
viii+555p
942
_c
BK
999
_c
13767
_d
13767